| 000 | 00883cam a2200229 4500 | ||
|---|---|---|---|
| 001 | ABS65679 | ||
| 008 | 020805n2002 000 0 eng u | ||
| 035 | _a(Sirsi) u119171 | ||
| 100 | _aReina, P | ||
| 245 | 4 | _aThe top 200 international design firms | |
| 260 | _c2002 | ||
| 490 |
_aEngineering News Record _v249(4) 22 July 2002, 26-43 (16) |
||
| 520 | _aRankings of the top 200 international design firms ranked according to revenue for design services performed on projects outside the firm's home country in 2001 in US$ millions. Tables by revenue; alphabetically; by home country; by country worked in; design subsidiaries listed by rank. Commentary. Tables. | ||
| 590 | _aABS | ||
| 650 | _aARCHITECTS | ||
| 650 | _aPLANNERS | ||
| 650 | _aENGINEERS | ||
| 650 | _aRANKINGS | ||
| 690 | _aBUILT ENVIRONMENT-CONSTRUCTION DESIGN | ||
| 700 | _aTulacz, G.J. | ||
| 942 | _n0 | ||
| 999 |
_c70889 _d70889 |
||